• 首页
  • 本馆介绍
  • 公告通知
  • 最新文献
  • 馆藏检索
  • 电子资源
  • 读者导购
  • 参考咨询
  • 我的图书馆
  • 登录
  • 详细信息显示
  • 放入我的书架
  • 预约/预借图书
  • 作者相关作品
  • 分类相关作品
  • 丛书相关作品
  • 出版社相关作品

书目信息

  • 表格格式
  • 工作单格式
  • 卡片格式
题名:
中华人民共和国兵役法
    
 
作者:
分册:  
出版信息: 北京   解放军出版社  1984.7
页数:
开本:
丛书名:
单 册:
中图分类: E265
科图分类:
主题词: 军事制度--中国
电子资源:
ISBN:
000 00500nam0 2200193 45
001 0404221031
005 20040422103155.3
010    @dCNY0.30
091    @a6185.2
100    @a20040422d1984 km y0chiy0120 ea
101 0  @achi
105    @a z 000yy
200 1  @a中华人民共和国兵役法@AZhong Hua Ren Min Gong He Guo Bing Yi Fa
210    @a北京@c解放军出版社@d1984.7
300    @a1984年
606 0  @a军事制度@x中国
690    @aE265
801    @aCN@bTSTCL@c20040422
905    @f2@b125528-529@dE265@e1
    
    中华人民共和国兵役法.-北京:解放军出版社,1984.7
    
    1984年
    
    ISBN :CNY0.30
    
●
相关链接 在E读中查询图书 在五车中查询图书 在当当中查询图书 在豆瓣中查询图书


正题名:中华人民共和国兵役法     索取号:E265/1         预约/预借

序号 登录号 条形码 馆藏地/架位号 状态 备注
1 0125528   001260049   第一借阅区/ [索取号:E265/1] 在馆    
2 0125529   001260085   密集书库/ [索取号:E265/1] 在馆    
3 0125530   001260110   第一样本阅览室/ [索取号:E265/1] 在馆    
唐山师范学院图书馆 欢迎您!
大连网信软件有限公司© 版权所有